书目信息 |
| 题名: |
吾国与吾民
|
|
| 作者: | 林语堂 著 | |
| 分册: | ||
| 出版信息: | 西安 陕西师范大学出版社 2006.01 |
|
| 页数: | 326页 | |
| 开本: | 20cm | |
| 丛书名: | ||
| 单 册: | ||
| 中图分类: | I266 | |
| 科图分类: | ||
| 主题词: | 散文--中国 , 散文--作品综合集--中国 | |
| 电子资源: | ||
| ISBN: | 7-5613-3440-0 | |
| 000 | 00593nam0 2200205 450 | |
| 001 | 2634814271 | |
| 005 | 20260414094207.37 | |
| 010 | @a7-5613-3440-0@dCNY23.80 | |
| 100 | @a20260414d2006 km y0chiy0120 ea | |
| 101 | 0 | @achi |
| 102 | @aCN@b610000 | |
| 200 | 1 | @a吾国与吾民@AWu Guo Yu Wu Min@f林语堂著@FLin Yu Tang Zhu |
| 210 | @a西安@c陕西师范大学出版社@d2006.01 | |
| 215 | @a326页@d20cm | |
| 606 | 0 | @a散文@x中国 |
| 606 | 0 | @a散文@x作品综合集@x中国 |
| 690 | @aI266@v4 | |
| 701 | 0 | @a林语堂@ALin Yu Tang@4著 |
| 801 | 0 | @aCN@b大连网信软件有限公司图书馆·11@c20260414 |
| 905 | @aZUCC@dI266@e4921 | |
| 吾国与吾民/林语堂著.-西安:陕西师范大学出版社,2006.01 |
| 326页;20cm |
| ISBN 7-5613-3440-0:CNY23.80 |
| ● |
| 相关链接 |
|
|
|
|
正题名:吾国与吾民
索取号:I266/4921
 
预约/预借
| 序号 | 登录号 | 条形码 | 馆藏地/架位号 | 状态 | 备注 |
| 1 | 1442616 | 214426165 | 第一样本阅览室/ [索取号:I266/4921] | 在馆 |